Nathamani kumanya kikwehu = (Record no. 37751)
[ view plain ]
| 000 -LEADER | |
|---|---|
| fixed length control field | 00632nam a22001931a 4500 |
| 001 - CONTROL NUMBER | |
| control field | 4263352 |
| 005 - DATE AND TIME OF LATEST TRANSACTION | |
| control field | 20110718132545.0 |
| 008 - FIXED-LENGTH DATA ELEMENTS--GENERAL INFORMATION | |
| fixed length control field | 040115s1999 ke a 000 0 bnt d |
| 035 ## - SYSTEM CONTROL NUMBER | |
| System control number | (NNC)4263352 |
| 040 ## - CATALOGING SOURCE | |
| Original cataloging agency | NNC |
| Transcribing agency | NNC |
| 050 #4 - LIBRARY OF CONGRESS CALL NUMBER | |
| Classification number | PL 8207.G472I43 1999 |
| Item number | PL 8207.G472I43 1999 |
| 100 1# - MAIN ENTRY--PERSONAL NAME | |
| Personal name | Iha, Samson. |
| 245 10 - TITLE STATEMENT | |
| Title | Nathamani kumanya kikwehu = |
| Remainder of title | I want to know Kigiryama : a transition primer in Giryama language / |
| Statement of responsibility, etc | written by Samson Iha & Stephen Nzomo. |
| Medium | [Text] |
| 260 ## - PUBLICATION, DISTRIBUTION, ETC. (IMPRINT) | |
| Place of publication, distribution, etc | Nairobi |
| Name of publisher, distributor, etc | BTL |
| Date of publication, distribution, etc | 2000 |
| 300 ## - PHYSICAL DESCRIPTION | |
| Extent | 54 p. : |
| Other physical details | ill. ; |
| Dimensions | 21 cm. |
| 650 #0 - SUBJECT ADDED ENTRY--TOPICAL TERM | |
| Topical term or geographic name as entry element | Giryama language |
| Form subdivision | Readers. |
| 700 1# - ADDED ENTRY--PERSONAL NAME | |
| Personal name | Nzomo, Stephen. |
| Withdrawn status | Lost status | Source of classification or shelving scheme | Damaged status | Not for loan | Collection code | Home library | Current library | Shelving location | Date acquired | Cost, normal purchase price | Full call number | Barcode | Date last seen | Copy number | Price effective from | Koha item type |
|---|---|---|---|---|---|---|---|---|---|---|---|---|---|---|---|---|
| Library of Congress Classification | General Circulation | AIU/NEGST - Tony Wilmot Memorial Library | AIU/NEGST - Tony Wilmot Memorial Library | General Stacks | 10/22/2009 | 2.50 | PL 8207.G472I43 1999 | R34340M3232 | 09/26/2019 | 1 | 10/22/2009 | Africana collection (General) |
